| 000 | nam a22 a 4500 | ||
|---|---|---|---|
| 999 |
_c482 _d482 |
||
| 003 | AKMAL | ||
| 005 | 20170504093441.0 | ||
| 008 | 170504s2000 my e 00 0 may d | ||
| 020 |
_a9837204249 (kkt.) : _cRM12.50 |
||
| 039 | 9 |
_a200709131008 _bpmmalaysiana _c200502141015 _dnormila _c200501111418 _drosenah _c200411081523 _drosenah |
|
| 040 |
_aAKMAL _cAKMAL |
||
| 041 | 0 |
_amay _heng |
|
| 049 | 0 | 0 | _aklpmal |
| 082 | 0 | 4 |
_a153.42 BON _221 |
| 090 | 0 | 0 |
_a153.42 _bBON |
| 090 | 2 | 0 |
_a153.42 _bBON |
| 100 | 1 | 0 |
_aDe Bono, Edward, _d1933- _91066 |
| 245 | 1 | 0 |
_aBelajar berfikir : _bidea didasarkan kepada pemahaman tentang minda manusia / _cEdward de Bono |
| 260 | 0 |
_aKuala Lumpur : _bGolden Books Centre, _c2000 |
|
| 300 | 0 | 0 |
_avii, 253ms. : _bil. ; _c23cm |
| 500 | 0 | 0 | _aTerjemahan dari: Teaching thinking |
| 650 | 0 |
_aThought and thinking _9913 |
|
| 650 | 0 |
_aCreative thinking _91035 |
|
| 650 | 0 |
_aLateral thinking _91073 |
|
| 942 |
_2ddc _cBOOK |
||